Quick Pick: Andrew Lloyd Webber Quiz Stats

 Plays Quiz Updated Aug 5, 2018

Challenge
Share
Tweet
Embed
Score 0/10 Timer 01:00
19 Plays Today
% Correct
Opera
98.9%
Dies
98.8%
Superstar
98.5%
Boulevard
98.1%
Dreamcoat
97.7%
Love
97.5%
Sunday
97.1%
Express
96.4%
White
94.4%
Wind
90.6%

Today's Daily Dose

You're not logged in!

Compare scores with friends on all Sporcle quizzes.
Join for Free
OR
Log In

You Might Also Like...

Show Comments

Extras

Top Quizzes Today


Score Distribution

Your Account Isn't Verified!

In order to create a playlist on Sporcle, you need to verify the email address you used during registration. Go to your Sporcle Settings to finish the process.

Report this User

Report this user for behavior that violates our Community Guidelines.

Details: